|
|
|
|
| LEADER |
01918nam a2200517 i 4500 |
| 001 |
nkc20183039001 |
| 003 |
CZ PrNK |
| 005 |
20190114123655.0 |
| 007 |
ta |
| 008 |
181010s2017 xr ac e f 000 0 cze |
| 015 |
|
|
|a cnb003039001
|
| 020 |
|
|
|a 978-80-87334-33-1
|q (brožováno)
|
| 035 |
|
|
|a (OCoLC)1065880252
|
| 040 |
|
|
|a ABA001
|b cze
|e rda
|
| 043 |
|
|
|a e-xr---
|b e-xr-zl
|2 czenas
|
| 045 |
|
|
|a x5x8
|
| 072 |
|
7 |
|a 792
|x Divadlo. Divadelní představení
|2 Konspekt
|9 3
|
| 080 |
|
|
|a 792.077
|2 MRF
|
| 080 |
|
|
|a 792.2/.8
|2 MRF
|
| 080 |
|
|
|a (437.323)
|2 MRF
|
| 080 |
|
|
|a (036)
|2 MRF
|
| 100 |
1 |
|
|a Mach, Jan
|7 jo20181010678
|4 aut
|
| 245 |
1 |
0 |
|a Za oponou času :
|b o dolnopaseckém divadle /
|c Jan Mach
|
| 264 |
|
1 |
|a Rožnov pod Radhoštěm :
|b Městská knihovna Rožnov pod Radhoštěm, příspěvková organizace,
|c 2017
|
| 300 |
|
|
|a 71 stran :
|b ilustrace, portréty ;
|c 15 cm
|
| 336 |
|
|
|a text
|b txt
|2 rdacontent
|
| 337 |
|
|
|a bez média
|b n
|2 rdamedia
|
| 338 |
|
|
|a svazek
|b nc
|2 rdacarrier
|
| 490 |
1 |
|
|a Milé tisky ;
|v 15
|
| 648 |
|
7 |
|a 20. století
|7 ch460558
|2 czenas
|
| 648 |
|
4 |
|a 1953-1980
|
| 648 |
|
7 |
|a 1951-1980
|7 ch969087
|2 czenas
|
| 650 |
0 |
7 |
|a amatérské divadlo
|7 ph118371
|z Česko
|y 20. století
|2 czenas
|
| 650 |
0 |
7 |
|a divadelní inscenace
|7 ph114330
|z Česko
|y 1951-1980
|2 czenas
|
| 650 |
0 |
9 |
|a amateur theater
|z Czechia
|y 20th century
|2 eczenas
|
| 650 |
0 |
9 |
|a theatrical productions
|z Czechia
|y 1951-1980
|2 eczenas
|
| 651 |
|
7 |
|a Dolní Paseky (Rožnov pod Radhoštěm, Česko)
|7 ge833933
|2 czenas
|
| 651 |
|
9 |
|a Dolní Paseky (Rožnov pod Radhoštěm, Czechia)
|2 eczenas
|
| 655 |
|
7 |
|a informační publikace
|7 fd132454
|2 czenas
|
| 655 |
|
9 |
|a information publications
|2 eczenas
|
| 830 |
|
0 |
|a Milé tisky
|0 s
|
| 910 |
2 |
|
|a BOA001
|b S-1420.850
|
| 990 |
|
|
|a BK
|
| 995 |
|
|
|a 01
|
| 991 |
|
|
|b 201901
|c NOV
|
| 996 |
6 |
|
|b 2610767452
|c S-1420.850
|l MZK
|r Sklad / do 24 hodin
|n 0
|p p.v.
|w 001702362
|u 000010
|a 1
|e BOA001
|j MZK50
|s P
|